Normal view MARC view
  • Supervised by Dr.Noman Jafri

Entry Personal Name

Number of records used in: 1

001 - CONTROL NUMBER

  • control field: 131926

003 - CONTROL NUMBER IDENTIFIER

  • control field: NUST

005 - DATE AND TIME OF LATEST TRANSACTION

  • control field: 20251117170228.0

008 - FIXED-LENGTH DATA ELEMENTS

  • fixed length control field: 251117|| aca||aabn | a|a d

040 ## - CATALOGING SOURCE

  • Original cataloging agency: NUST
  • Transcribing agency: NUST

100 ## - HEADING--PERSONAL NAME

  • Personal name: Supervised by Dr.Noman Jafri

670 ## - SOURCE DATA FOUND

  • Source citation: Work cat.: (NUST)182839: Nisar , Danish Muhammad NC (TCC-15B) 131925, Design & implementation of a DS-CDMA based communication link, employing DSP board for receiver's baseband processing /, 2004
© 2023 Central Library, National University of Sciences and Technology. All Rights Reserved.